00913nam a2200229 a 4500001001000000005001700010008004100027041000800068044000600076050001800082245019600100260005000296300005400346500005600400500007900456500000800535650001900543650003500562650002100597650001900618710004600637BRCA_835420190320210239.0170714s1954----u--ad##f##---#001-0#eng-# aeng au 4aHJ9b.O9 195410aOutlook for 1954bbusiness: an upturn, when?, war: will it flare up again?, tax cuts: who will get them?, prices: are they headed down?, strikes: big ones in sight?cU.S. News & World Report. aOhio, Estados UnidosbU.S. News & W. R.c1954 a128 p.bil. (algunas a color), gráficasc29 cm. aU.S. News & World Report Colection, January 1, 1954 aPublicación periódica inventariada como libro por el Banco de México aR9114aNegociosy195414aCondiciones económicasy195414aEconomíay195414aFinanzasy19542 aU.S. News & World ReportfJanuary 1, 1954